=LDR 00000nam 2200000 4500 =001 INLIS000000000058364 =005 20210915125315 =035 ##$$a 0010-0921000168 =007 ta =008 210915###########################0#ind## =082 ##$$a 658.31 =084 ##$$a 658.31 Nan p =245 1#$$a Panduan lengkap Psikotes & Job Interview /$c Nano Sunartyo =250 ##$$a cet 4 =300 ##$$a 345 halaman : $b Ilustrasi ; $c 21 cm =650 #4$$a Psikotes =264 ##$$a Yogyakarta :$b Diva press,$c 2008 =336 ##$$a teks$2 rdacontent =337 ##$$a lain-lain$2 rdamedia =338 ##$$a lain-lain$2 rdacarrier =990 ##$$a 09830983 =990 ##$$a 09830983